| 000 | 00823nam a22001937a 4500 | ||
|---|---|---|---|
| 003 | BR-ViAPE | ||
| 005 | 20260417163940.0 | ||
| 008 | 260417s1925 por gs||||s000 0 por d | ||
| 040 | _cBR-ViAPE | ||
| 110 |
_aEspírito Santo _bEstado |
||
| 245 | _aRelatório do Exmo. Snr. Dr. José Antonio Lopes Ribeiro Secretario do Interior | ||
| 260 |
_aVitória _bEscola Graphica _c1925 |
||
| 300 |
_a27 p. _bDocumento digitalizado (PDF) |
||
| 500 | _aDocumento digitalizado do acervo institucional do Arquivo Público do Estado do Espírito Santo - APEES. | ||
| 650 |
_xAdministração pública _zEspírito Santo |
||
| 651 |
_aEspírito Santo _xRelatórios governamentais |
||
| 856 |
_uhttps://ape.es.gov.br/Media/ape/PDF/Relatorios/1919/relatorio%20-%20ano%201925.pdf _yCLIQUE AQUI PARA ACESSAR O DOCUMENTO |
||
| 942 |
_2ddc _cMSGREL _n1 |
||
| 999 |
_c492 _d492 |
||